000 00290nam a22001337a 4500
082 _a894.812.3
_bRAM/V
100 _aRAMACHANDRAN, SREEKUMARI
245 _aVIDHAVAKALUDE GRAMAM
260 _aALUVA
_bPEN BOOKS LTD
_c1999
300 _a126
520 _aNOVEL
650 _aNOVEL
942 _cBK
999 _c5022
_d5022